| 000 | 00933nam a2200289 i 4500 | ||
|---|---|---|---|
| 001 | 000016488 | ||
| 003 | DO-SdBNP | ||
| 005 | 20260409184854.0 | ||
| 007 | ta | ||
| 008 | 100305s1979 dr a 000 0 spa d | ||
| 040 |
_aDO-SdBNP _bspa _cBNPHU _erda |
||
| 041 | _aspa | ||
| 082 | 4 |
_a551.552 _bF385d 1979 _222 |
|
| 100 | 1 |
_aFerreras, Ramón Alberto _eautor _4aut. _911298 |
|
| 245 | 1 | 0 |
_aDavid : _bel ciclón de San Ramón (manual de la calamidad dominicana) / _cRamón Alberto Ferreras. |
| 250 | _aSegunda edición | ||
| 264 | 1 |
_aSanto Domingo : _bImpresmundo, _c1979. |
|
| 300 |
_a256 páginas : _bilustraciones ; _c28 cm. |
||
| 336 |
_atexto _btxt _2rdacontent |
||
| 337 |
_asin mediación _bn _2rdamedia |
||
| 338 |
_avolumen _bnc _2rdacarrier |
||
| 590 | _aInventariado, 2022/BT | ||
| 650 | 0 |
_aHuracanes _936715 |
|
| 650 | 4 |
_aDesastres naturales _920993 |
|
| 910 | _aValidado. Control de calidad EMS | ||
| 942 |
_2ddc _cLBS1 |
||
| 999 |
_c16023 _d16023 |
||